| Tag |
First Indicator |
Second Indicator |
Subfields |
| LEADER |
00000cam a2200000 a 4500 |
| 001 |
in00002017253 |
| 005 |
20151031144639.0 |
| 008 |
040616s2005 njua b 001 0 eng |
| 010 |
|
|
|a 2004014291
|
| 020 |
|
|
|a 0805852395 (pbk. : alk. paper)
|
| 035 |
|
|
|a (OCoLC)ocm55678868
|
| 040 |
|
|
|a DLC
|c DLC
|d TXA
|d UtOrBLW
|
| 042 |
|
|
|a pcc
|
| 049 |
|
|
|a TXAM
|
| 050 |
0 |
0 |
|a HM1221
|b .S77 2005
|
| 082 |
0 |
0 |
|a 659.2
|2 22
|
| 100 |
1 |
|
|a Smith, Ronald D.,
|d 1948-
|
| 245 |
1 |
0 |
|a Strategic planning for public relations /
|c Ronald D. Smith.
|
| 250 |
|
|
|a 2nd ed.
|
| 264 |
|
1 |
|a Mahwah, N.J. :
|b Lawrence Erlbaum Associates,
|c [2005]
|
| 264 |
|
4 |
|c ©2005
|
| 300 |
|
|
|a xvii, 382 pages :
|b illustrations ;
|c 24 cm.
|
| 336 |
|
|
|a text
|b txt
|2 rdacontent
|
| 337 |
|
|
|a unmediated
|b n
|2 rdamedia
|
| 338 |
|
|
|a volume
|b nc
|2 rdacarrier
|
| 504 |
|
|
|a Includes bibliographical references (pages 352-360) and index.
|
| 650 |
|
0 |
|a Public relations.
|
| 650 |
|
0 |
|a Strategic planning.
|
| 948 |
|
|
|a cataloged
|b h
|c 2004/12/1
|d c
|e ceaton
|f 12:43:23 pm
|
| 994 |
|
|
|a C0
|b TXA
|
| 999 |
|
|
|a MARS
|
| 999 |
f |
f |
|s a96df401-5fde-3ecf-9664-7cb28cffbe66
|i dca3d5fd-845c-36e2-a324-87f45f83a004
|t 0
|
| 952 |
f |
f |
|p ric
|a Texas A&M University
|b Rellis Campus
|c Joint Library Facility
|d Remote Storage
|t 0
|e HM1221 .S77 2005
|h Library of Congress classification
|i unmediated -- volume
|m A14831628804
|
| 998 |
f |
f |
|a HM1221 .S77 2005
|t 0
|l Remote Storage
|